1041 1990 1024 1473 1686 1411 1225 1751 1177 1313 1008 1314 1550 1206 1067 1436 1439 1658 1757 1119 1641 1327 1490 1842 1530 1263 1237 1074 1877 1650 1243 1054 1511 1146 1843 1711 1796 1349 1116 1953 1346 1184 1793 1371 1539 1615 1105 1465 1380 1885 1877 1706 1634 1959 1246 1397 1127 1176 1840 1590 1568 1161 1874 1290 1238 1477 1771 1788 1237 1155 1658 1076 1133 1706 1801 1352 1501 1041 1140 1629 1506 1493 1287 1682 1026 1008 1390 1470 1338 1498 1472 1508 1363 1347 1882 1882 1080 1665 1654 BCNSPRNW ULIB Ver.6.0+V

เปลี่ยนเป็นภาษาไทย

Change to English
 แสดงรายละเอียดบรรณานุกรม
  กลับหน้าหลัก

Brief Record : Get Marc (ISO 2709) : E-mail record : QR code < ปิดหน้าต่าง
LEADER : 00000nam 2200000uu 4500
001    13399110902
003     ULIB
008    110613s||||||||th 000 0 tha d
020    9749006585
050  4 AC158^bค349ก 2546
100    คาฮาน, ปีเตอร์
245    การเคลื่อนที่ แรงและพลังงาน = ^bMotion, forces ans energy / ^cผู้แต่ง Peter Kahan ; แปลและเรียบเรียง นฤมล เอมะรัตน์, ศิรามาศ โกมลจินดา และวีระชัย สิริพันธ์วราภรณ์
246 0  สำรวจโลกวิทยาศาสตร์
260    กรุงเทพฯ : ^bเพียร์สัน เอ็ดดูเคชั่น อินโดไชน่า, ^c2546
300    223 หน้า : ^bภาพประกอบ ; ^c28 ซม.
490    สำรวจโลกวิทยาศาสตร์
592    Buddhist era q1/46
650    กลศาสตร์
650    วิทยาศาสตร์ ^xการทดลอง
700    นฤมล เอมะรัตน์, ^eผู้แปล
700    ศิรามาศ โกมลจินดา, ^eผู้แปลร่วม
700    วีระชัย สิริพันธ์วราภรณ์, ^eผู้แปลร่วม
945    ^p0^l0^i028546
995    ทศพร
999 ^a ใช้งานได้ทุกระบบ
รายการนี้ยังไม่มีแท็ก
คุณยังไม่ได้ล็อกอิน คุณสามารถมีกิจกรรมร่วมกับเว็บไซต์ได้ แต่ต้องล็อกอินก่อน ::
  ล็อกอิน

รายการสื่อสารสนเทศ

ลำดับที่ ประเภท เลขเรียก/บาร์โค้ด สถานที่ สถานะ
- ไม่พบข้อมูล -

รายการใกล้เคียง
    หัวเรื่อง [กลศาสตร์]

BibComment


ยังไม่เคยถูกคอมเมนท์

คอมเมนท์ทรัพยากรรายการนี้
  คอมเมนท์: การเคลื่อนที่ แรง..


 Copyright 2026. Bcnsprnw @Library